| 000 | 00961cam a2200277 a 4500 | ||
|---|---|---|---|
| 001 | 000007128 | ||
| 003 | OSt | ||
| 005 | 20221128100617.0 | ||
| 008 | 920923s1991 cu b 000 0 spa | ||
| 040 |
_aDO-SdBNP _bspa _cBNPHU |
||
| 082 |
_aCu861.44 _bD559S |
||
| 245 | 0 | 0 |
_aAcerca de Eliseo Diego / _cselección, palabras preliminares, cronología y bibliografía de Enrique Saínz. |
| 260 |
_aLa Habana : _bLetras Cubana, _c1991. |
||
| 300 |
_a409 p. ; _c18 cm. |
||
| 490 | 1 | _aGiraldilla ; | |
| 504 | _aBibliografía: p. 403-409 | ||
| 600 | 1 | 4 |
_aDiego, Eliseo, _xCrítica e interpretación _d1920-1994. _919774 |
| 650 | 4 |
_aPoetas cubanos _xCrítica e interpretación _919775 |
|
| 650 | 4 |
_aPoesía cubana _xCrítica e interpretación _919776 |
|
| 650 | 4 |
_aLiteratura cubana _xCrítica e interpretación _919777 |
|
| 700 | 1 |
_aSaínz, Enrique, _d1941- _910576 |
|
| 830 | 0 |
_aGiraldilla _98904 |
|
| 910 | _aEn proceso | ||
| 942 |
_2ddc _cLF1 |
||
| 956 | _aYLOCKWARD | ||
| 999 |
_c6909 _d6909 |
||